=LDR 00000nam 2200000 4500 =001 INLIS000000000036579 =005 20130612142346 =008 ***********************************Ind** =035 ##$$0010-061300000036579 =041 ##$$a Ind =082 ##$$a 028.5 =090 ##$$a 028.5, Far a =100 ##$$a Farr, Michael =245 ##$$a Abdullah, kuadukan ke papa, Michael Farr ; alih bahasa, Donna Widjajanto ; editor, Anastasia Mustika W =260 ##$$a 2010 $b Jakarta =300 ##$$a 42 hlm, ilus, 21 cm =650 ##$$a Bacaan kanak-kanak =700 ##$$a Widjajanto, Donna =850 ##$$a NBPNMAT